000
003430000a22001450004500
003
MACL
005
20160205164602.0
008
160205b xxu||||| |||| 00| 0 eng d
040
_a
MACL
_c
MACL
041
_a
Sanskrit
082
_a
100
245
_a
गुरू को शक्ति
650
_a
Philosophy
_9
36990
942
_c
SAN
_k
100
_2
ddc
999
_c
27255
_d
27255